000 00832nam a2200253 a 4500
003 OSt
005 20131017163910.0
008 131017s2004 ag ||||| |||| 00| 0 spa d
040 _cBiblioteca Medicina
041 _aspa
082 _bCONGRESOS 034
100 1 _aSaba, Roberto
_92729
245 0 0 _aSeminario VIII: Derechos sociales, politicas publicas y acceso a la informacion
250 _a1ยบ ed.
260 _aBuenos Aires
_bCentro de Estudios de Estado y Sociedad
_c2004
300 _a16 p.
440 0 _aSeminarios Salud y Politica Publica
_92706
653 _aSALUD-POLITICAS PUBLICAS
653 _aSALUD-DERECHOS
653 _aSALUD-ACCESO A LA INFORMACION
856 _awww.cedes.org
942 _2ddc
_cPH
999 _c1813
_d1813
952 _40
_00
_bBFM
_10
_oCONGRESOS 034
_d2013-10-17
_tEj. 1
_8NFIC
_70
_cCR
_2ddc
_yPH
_aBFM